Autos sacramentales
Guardat en:
| Autor principal: | |
|---|---|
| Format: | Llibre |
| Idioma: | espanyol |
| Publicat: |
Madrid
Espasa Calpe
1958
|
| Edició: | 4a. ed |
| Col·lecció: | Clásicos castellanos
|
| Matèries: | |
| Etiquetes: |
Afegir etiqueta
Sense etiquetes, Sigues el primer a etiquetar aquest registre!
|
MARC
| LEADER | 00000nam a2200000 a 4500 | ||
|---|---|---|---|
| 001 | UCQ1350 | ||
| 003 | CL-VaPUC | ||
| 008 | 980709e19580000SP |||||||||||||||||spa|d | ||
| 082 | 0 | 4 | |a 862 |b CAL |2 21 |
| 100 | 0 | |a Calderón de la Barca, Pedro |e author |9 316207 | |
| 245 | 1 | 0 | |a Autos sacramentales |
| 250 | |a 4a. ed | ||
| 300 | |a v | ||
| 942 | |c BK | ||
| 945 | |d 19980709 00:00:00 |a lriquelm | ||
| 260 | |a Madrid |b Espasa Calpe |c 1958 | ||
| 650 | 0 | |a Dramas españoles |9 267081 | |
| 650 | 0 | |a Literatura española |9 306261 | |
| 583 | |a last modification |c 19980709 00:00:00 |k Rodrigo Vera | ||
| 490 | 0 | |a Clásicos castellanos | |
| 999 | |c 272350 |d 272348 | ||
| 952 | |0 0 |1 0 |4 0 |6 862_000000000000000_CAL_1958 |7 0 |8 A |9 307251 |a BIBEDU |b BIBEDU |d 2019-11-20 |h v.2 |i 1434675 |o 862 CAL 1958 |p 1434675 |r 2019-11-20 |w 2019-11-20 |y BK |k LIT | ||